Представление документа в формате RUSMARC

ПолеНазваниеЗначение
  Тип записи a
  Библиографический уровень m
001 Контрольный номер RU/SLIB/B/208742099
005 Дата корректировки 20240116102719.0
010 Индекс ISBN __
d Цена 1-30
100 Данные общей обработки __
a Данные общей обработки 20230711d1988 m y0rusy028902 ca
101 Язык документа 0_
a Язык текста rus
102 Страна публикации __
a Страна публикации RU
105 Кодированные данные (монография) __
a Кодированные данные (монография) a z 000yy
181 Поле кодированных данных: вид содержания _0
a Код вида содержания (ISBD) i
182 Поле кодированных данных: тип средства _0
a Код типа средства (ISBD) n
200 Заглавие и сведения об ответственности 0_
a Заглавие Высокочастотные транзисторные преобразователи
f Первые сведения об ответственности Э. М. Ромаш [и др.]
b Общее обозначение материала Текст
210 Выходные данные 1_
a Место издания М.
c Издательство Радио и связь
d Дата издания 1988
215 Физическое описание __
a Объем 288 с.
c Иллюстрации/тип воспроизводства ил.
330 Аннотация __
a Аннотация Рассмотрены основы теории и проектирования высокочастотных транзисторных преобразователей, используемых в средствах вторичного электропитания радиоэлектронной аппаратуры. Особое внимание уделено быстрым процессам коммутации полупроводниковых приборов, вопросам стабилизации выходных напряжений преобразователей и методам их расчета. Для инженерно-технических работников, занимающихся разработкой и эксплуатацией средств вторичного электропитания РЭА.
606 Тематические рубрики __
a Основная рубрика Энергетика
2 Код системы nlr_sh
606 Тематические рубрики __
a Основная рубрика Преобразователи, выпрямители, инверторы
2 Код системы nlr_sh
610 Ключевые слова 0_
a Ключевые слова транзисторы; преобразователи; инверторы; электротехника; высокочастотные преобразователи; высокочастотные транзисторы; высокочастотные транзисторные преобразователи
686 Индексы других классификаций __
a Классификационный индекс 31.264.5; ст31.2
2 Код системы rubbks
702 Вторичная интеллектуальная ответственность _1
a Фамилия Ромаш
b Имя Э. М.
4 Код отношения 070
g Полное личное имя Эдуард Михайлович
702 Вторичная интеллектуальная ответственность _1
a Фамилия Драбович
b Имя Ю. И.
4 Код отношения 070
g Полное личное имя Юрий Иванович
702 Вторичная интеллектуальная ответственность _1
a Фамилия Юрченко
b Имя Н. Н.
4 Код отношения 070
g Полное личное имя Николай Николаевич
801 Источник записи _0
a Страна RU
b Организация Муниципальное бюджетное учреждение культуры "Централизованная библиотечная система" г. Сургут (Центральная городская библиотека им. А. С. Пушкина)
g Правила каталогизации PSBO
801 Источник записи _1
a Страна RU
b Организация Муниципальное бюджетное учреждение культуры "Централизованная библиотечная система" г. Сургут (Центральная городская библиотека им. А. С. Пушкина)
g Правила каталогизации PSBO
852 Данные о местонахождении __
j Шифр хранения 31.264.5
c Каталожный индекс 31.264.5
i Авторский знак В 93
p Инвентарный номер 37193
901 Тип документа __
t Тип документа m
a Ответственный КиК/Уланова
901 Тип документа __
a Ответственный СКБР2024
903 Характеристики (МАРС) __
c Наименование библиотеки (МАРС) Муниципальное бюджетное учреждение культуры "Централизованная библиотечная система" г. Сургут (Центральная городская библиотека им. А. С. Пушкина)
990 Данные о заказе (DOS) __
j Количество экземпляров (DOS) 1